MARC details
| 000 -LÍDER |
| campo de controle de tamanho fixo |
01099 a2200229 4500 |
| 001 - NÚMERO DE CONTROLE |
| campo de controle |
118970 |
| 020 ## - ISBN - INTERNATIONAL STANDARD BOOK NUMBER |
| ISBN - International Standard Book Number |
9788526014053 |
| 020 ## - ISBN - INTERNATIONAL STANDARD BOOK NUMBER |
| Informação qualificadora |
broch. |
| 041 ## - CÓDIGO DE IDIOMA |
| Código do idioma do texto/trilha sonora ou título diferente |
por |
| 082 ## - CDD - CLASSIFICAÇÃO DECIMAL DE DEWEY |
| Número de Classificação |
028 |
| 040 ## - FONTE DA CATALOGAÇÃO |
| Instituição da catalogação original |
BR-BrIDEA |
| Instituição que transcreveu o registro |
BR-BrIDEA |
| 090 ## - NÚMERO DE CHAMADA LOCAL |
| Número de chamada (OCLC) (R); Número de chamada, CALL (RLIN) (NR) |
Year 3 028 |
| Número Cutter local (OCLC); Número de classificação do livro, CALL (RLIN) |
QUE |
| 100 ## - ENTRADA PRINCIPAL--NOME PESSOAL |
| Nome pessoal |
Queirós, Bartolomeu Campos de |
| 245 10 - TÍTULO |
| Título |
Rosa dos ventos |
| Indicação de responsabilidade, etc. |
Bartolomeu Campos de Queirós |
| 260 ## - PUBLICAÇÃO, DISTRIBUIÇÃO, ETC. |
| Local de publicação, distribuição, etc. |
São Paulo |
| Nome do editor, distribuidor, etc. |
Global |
| Data da publicação, distribuição, etc. |
2009 |
| 300 ## - DESCRIÇÃO FÍSICA |
| Extensão |
20 p. |
| Outros detalhes físicos |
col. ill. |
| 520 ## - NOTA DE RESUMO, ETC |
| Resumo, etc. |
Com a rotação da Terra e o corpo invento uma bússola e sou uma rosa dos ventos. Abro os braços como se para um abraço. Com a mão direita tento tocar onde o Sol nasce. Lá é o Leste, lá é o Oriente. Ao nascer, o Sol acorda a noite e tudo vira dia. O Sol surge lento… Rosa dos Ventos pode parecer um livro com a intenção de ensinar, brincando, os pontos cardeais. Como ele, certamente, pode-se ensinar e aprender também os pontos cardeais, porém no texto de Bartolomeu Campos de Queirós há muito mais do que isso. |
| 697 ## - ENTRADA DE ASSUNTO LOCAL--ENTIDADE COLETIVA (RLIN) |
| Nome corporativo ou nome da jurisdição |
Pontos cardeais |
| 700 ## - ENTRADA ADICIONADA - NOME PESSOAL |
| Nome pessoal |
Mesquita, Camila |
| Função do autor por extenso |
ilustrador |
| 856 ## - LOCALIZAÇÃO ELETRÔNICA E ACESSO |
| Uniform Resource Identifier |
<a href="000033/0000336a.jpg">000033/0000336a.jpg</a> |
| 942 ## - ELEMENTOS DE ENTRADA ADICIONADOS (KOHA) |
| Tipo de material Koha |
Livros |